Riconosci il Pokémon - Quiz n°888 - Statistics

Statistiche generali
  • Questo quiz è stato fatto 3 volte
  • Il punteggio medio è 7 su 10
Statistiche sulle risposte
Indizio Risposta % Corretto
Abilità Incantevole; Normalità; Splendicute
100%
Tipo Normale
100%
Stadio evoluzione Prima evoluzione
100%
Generazione Terza
100%
Altezza 1,10 m
67%
Peso 32,6 kg
67%
Tasso di allevamento Veloce
67%
Sesso 25% ♂, 75% ♀
33%
Tasso di cattura 60 (14.8%)
33%
Pokémon Delcatty
0%
Nessun quiz corrispondente trovato
Distribuzione punteggi
Percentuale di utenti per punteggio
Percentile per numero di risposta
I tuoi punteggi nel tempo
Non hai fatto questo quiz